banner-ar

وباء انفلونزا الخنازير بين و جوب تصدى التشريعات له و اثاره المدمره على الاقتصاد العالمى / (Record no. 59976)

MARC details
000 -الفاتح
حقل البيانات ثابتة الطول 00870nam a22002177a 4500
005 - وقت وتاريخ اخر تعامل مع التسجيلة
رقم الضبط 20240530110346.0
008 - عناصر البيانات ثابتة الطول - معلومات عامة
حقل البيانات ثابتة الطول 141203s2010 ua f 000 0 ara d
017 ## - رقم الايداع القانونى
رقم الايداع القانونى 15538/2009
المصدر ( الهيئة المختصة) مصر . دار الكتب المصرية
020 ## - الرقم الدولى المعيارى للكتب
الرقم الدولى المعيارى للكتاب 9789773277433
040 ## - مصدر الفهرسة
وكالة الفهرسة الأصلية EG-CaGPL
041 0# - رمز اللغة
رمز لغة النص/ المسارات الصوتية أو العنوان الانفرادي ara
082 04 - رقم تصنيف ديوى العشرى
رقم الطبعة 21
رقم التصنيف 616.959\
رقم المادة ن و
100 0# - المدخل الرئيسى - إسم شخصى
الإسم الشخصى نسرين عبدالحميد نبيه
245 10 - بيان العنوان
العنوان وباء انفلونزا الخنازير بين و جوب تصدى التشريعات له و اثاره المدمره على الاقتصاد العالمى /
بيان المسئوليه,etc نسرين عبدالحميد نبيه
250 ## - بيان الطبعة
بيان الطبعة ط 1
260 ## - PUBLICATION, DISTRIBUTION, ETC. (IMPRINT)
تاريخ النشر أو التوزيع 2010
300 ## - الوصف المادى
التعداد 295 ص ؛
أبعاد الوعاء 24 سم
650 04 - المدخل الاضافى بالموضوع-مصطلح موضوعى
مصطلح موضوعي انفلوانزا الخنازير
942 ## - عناصر المدخل الإضافي( كوها)
مصدر التصنيف او مخطط الترفيف Dewey Decimal Classification
Koha [default] item type كتاب
260 ## - PUBLICATION, DISTRIBUTION, ETC. (IMPRINT)
-- الاسكندرية :
-- مكتبة الوفاء القانونية ،
Holdings
حالة التراجع حالة الفقد حالة تلف ليس للاعارة المكان المؤقت الموقع الحالى تاريخ الاكتساب اجمالي اﻻعارات رقم الطلب الباركود تاريخ اخر مشاهدة تاريخ تفعيل السعر نوع وعاء كوها
        مكتبة القاهرة الكبرى مكتبة القاهرة الكبرى 12/03/2014   616.959\ ن و 158945 12/03/2014 12/03/2014 كتاب

Powered By

EGPV